| 000 | 00585nam a22001577a 4500 | ||
|---|---|---|---|
| 999 |
_c532912 _d532912 |
||
| 020 | _qHard Cover. | ||
| 082 | _a658 | ||
| 100 | _aKhalid, Rabiya | ||
| 245 |
_aTo Study the Impact of Pablicity of Raids by Punjab Food Authority on the Brand Image of Loved food Brands with Customers: _bA Study of Fast Food Chains in Twin Cities / _cRabiya Khalid. |
||
| 260 |
_aIslamabad: _bNBS-NUST, _c2016. |
||
| 300 |
_a75 p. : _bill. ; _c30cm. |
||
| 942 |
_2ddc _cTHE |
||
| 650 |
_aMBA-Thesis. _917629 |
||
| 700 |
_aBilal Ahmad Chauhan. _926526 |
||